Evaluación de la calidad de adoquines tipo tráfico en Nicaragua, resistencia a la compresión y control de dimensionamiento
Presenta la Evaluación de la calidad de adoquines tipo tráfico en Nicaragua, resistencia a la compresión y control de dimensionamiento, la que se realizó mediante pruebas de laboratorios para el cual se presenta un análisis de los resultados obtenidos.
| Main Authors: | , |
|---|---|
| Other Authors: | |
| Format: | Tesis Section = Libro |
| Language: | Undetermined Spanish |
| Published: |
Managua
UNI
2010
|
| Subjects: |
| LEADER | 01130nam a2200277Ia 4500 | ||
|---|---|---|---|
| 008 | 240830s9999 xx 000 0 und d | ||
| 040 | |a BIBLIOTECA-RUPAP Mon 693.4 P438 | ||
| 041 | |a spa | ||
| 082 | |a Mon 693.4 P438 | ||
| 100 | 1 | |a Pérez, Fátima de los Ángeles | |
| 100 | 1 | |b Uzaga Ríos, Arístides Manuel | |
| 245 | 1 | 0 | |a Evaluación de la calidad de adoquines tipo tráfico en Nicaragua, resistencia a la compresión y control de dimensionamiento |
| 260 | |a Managua |b UNI |c 2010 | ||
| 300 | |a 69 p. :il. | ||
| 500 | |a Contiene: anexos. | ||
| 502 | |a Tesis (Ingeniero Civil)- UNI, 2010. | ||
| 520 | 3 | |a Presenta la Evaluación de la calidad de adoquines tipo tráfico en Nicaragua, resistencia a la compresión y control de dimensionamiento, la que se realizó mediante pruebas de laboratorios para el cual se presenta un análisis de los resultados obtenidos. | |
| 650 | 7 | |a FABRICA DE BLOQUES | |
| 650 | 7 | |b BLOQUES | |
| 650 | 7 | |c ADOQUINES DE CONCRETO | |
| 650 | 7 | |d CEMENTO | |
| 650 | 7 | |e MATERIALES DE CONSTRUCCION | |
| 700 | 1 | |a Tutor: |b Morales Urbina, Israel | |
| 942 | |c BK |2 ddc | ||
| 991 | |a TESIS | ||
| 999 | |c 17906 | ||